Reptilia muara sungai

Bibliographic Details
Main Author: Zailiani Taslim
Format: Book
Published: Kuala Lumpur : Eastern Universities Press , 1982
Subjects:

MARC

LEADER 00000cam a2200000 7i4500
001 0000029168
002 000031461
005 20000330.0
020 |a T000002541 
090 0 0 |a JF   |b ZAI 
100 0 |a Zailiani Taslim 
245 1 0 |a Reptilia muara sungai   |c Zailini Taslim 
260 |a Kuala Lumpur :   |b Eastern Universities Press ,   |c 1982 
300 |a 108p. ;   |c 18cm. 
650 0 0 |a Children's stories, Malay 
999 |a 0006740   |b BUKU   |c PINJAMAN   |e PERPUSTAKAAN KOMUNITI PETALING JAYA